Comparative investigation of MLOs associated with Caribbean and African Coconut Lethal decline diseases by DNA hybridization and PCR assays (Record no. 55937)

MARC details
000 -LEADER
fixed length control field 00565nam a2200193Ia 4500
100 ## - MAIN ENTRY--AUTHOR NAME
Personal name Harrison N A
245 #0 - TITLE STATEMENT
Title Comparative investigation of MLOs associated with Caribbean and African Coconut Lethal decline diseases by DNA hybridization and PCR assays
260 ## - PUBLICATION, DISTRIBUTION, ETC. (IMPRINT)
Name of publisher Plant Disease
Year of publication 1994
300 ## - PHYSICAL DESCRIPTION
Number of Pages 507-511
650 ## - SUBJECT ADDED ENTRY--TOPICAL TERM
Topical Term DNA hybridization
650 ## - SUBJECT ADDED ENTRY--TOPICAL TERM
Topical Term PCR
700 ## - ADDED ENTRY--PERSONAL NAME
Personal name Edn-Green S J
700 ## - ADDED ENTRY--PERSONAL NAME
Personal name Jones P
700 ## - ADDED ENTRY--PERSONAL NAME
Personal name Mpunami A A
700 ## - ADDED ENTRY--PERSONAL NAME
Personal name Richardson P A
700 ## - ADDED ENTRY--PERSONAL NAME
Personal name Tymon A M
942 ## - ADDED ENTRY ELEMENTS (KOHA)
Koha item type Journals
Holdings
Withdrawn status Lost status Damaged status Not for loan Home library Current library Shelving location Date acquired Serial Enumeration / chronology Koha item type
      Journals RRII Library RRII Library PCR 17/12/2021 Volume 78, Issue 5 Journals